Stations with One Platform in Victoria - Statistics

General Stats
  • This quiz has been taken 74 times
  • The average score is 36 of 66
Answer Stats
Line Distance from SCS Answer % Correct
274.848 Bairnsdale
82%
41.341 Tecoma
82%
18.856 Upfield
82%
18.533 Altona
78%
345.286 Swan Hill
78%
16.121 Alamein
73%
249.990 Echuca
73%
206.021 Sale
73%
17.148 Seaholme
73%
267.301 Warrnambool
73%
19.163 Sandringham
71%
38.019 Hurstbridge
69%
35.058 Wattle Glen
69%
5.733 Showgrounds
67%
14.204 Williamstown
67%
15.392 Ashburton
63%
74.588 Stony Point
63%
72.829 Crib Point
61%
158.072 Traralgon
61%
64.989 Hastings
59%
51.974 Baxter
57%
45.766 Leawarra
57%
180.365 Rosedale
57%
181.847 Shepparton
57%
74.412 South Geelong
57%
153.395 Colac
55%
288.885 Kerang
53%
249.350 Pyramid
53%
198.497 Camperdown
51%
211.337 Dingee
51%
169.630 Epsom
51%
79.600 Marshall
51%
224.041 Maryborough
51%
130.225 Moe
51%
222.108 Stratford
51%
59.839 Tyabb
51%
170.106 Eaglehawk
49%
176.494 Huntly
49%
144.372 Morwell
49%
55.817 Somerville
49%
220.785 Terang
49%
113.740 Winchelsea
49%
299.200 Wodonga
49%
206.688 Elmore
47%
223.452 Rochester
47%
79.088 Bunyip
45%
102.163 Malmsbury
45%
192.988 Raywood
45%
164.784 Beaufort
43%
192.545 Clunes
43%
189.821 Goornong
43%
70.957 Morradoo
43%
147.245 Murchison East
43%
126.115 Nagambie
43%
261.387 Sherwood Park
43%
134.287 Birregurra
41%
174.479 Creswick
41%
83.492 Longwarry
41%
327.293 Horsham
39%
399.696 Nhill
39%
68.669 Bittern
37%
241.214 Stawell
37%
209.800 Talbot
37%
361.772 Dimboola
35%
177.000 Mooroopna
33%
233.998 Wangaratta
31%
No matching quizzes found
Score Distribution
Percent of People with Each Score
Percentile by Number Answered
Your Score History
You have not taken this quiz